000 00490nam a2200181Ia 4500
003 GCL
008 140319s9999 xx 000 0 aFre d
020 _a208064324X
040 _aGCL /
_cGCL
082 0 4 _a947.072
_bT A
100 1 _aTROYAT, HENRI
245 1 0 _aALEXANERE 1er :
_bLE SPHINX DU NORD /
_cTROYAT, HENRI
260 _aفرنسا :
_bFLAMMARION ،
_c1980
300 _a22 CM ؛
_c467 P
650 0 4 _aALEXANDER 1, 1801 - 1825
650 0 4 _aRUSSIA - HISTORY
942 _2ddc
_cBK
999 _c8339
_d8339